Statistiques concernant Drapeaux contenant du orange

Cliquez ici pour prendre le quiz!

Statistiques générales

  • Ce quiz a été pris 66 fois
  • Le résultat moyen est 4 sur 12

Statistiques - réponses

Pays% Correct
Irlande
89%
Inde
80%
Côte d'ivoire
77%
Niger
46%
Bhoutan
43%
Arménie
33%
Sri lanka
21%
Mexique
15%
Azerbaïdjan
8%
Moldavie
8%
Zambie
8%
République des îles marshall
0%

Distribution des résultats

Percentile par nombre de réponses

% des personnes avec chaque résultat

Votre développement - résultats

Vous n’avez pas pris ce quiz